00628 a2200193 4500001000700000003000400007005001700011008004100028082001800069100001900087245007500106250001200181260002800193300001000221690005100231942001200282999001300294952012700307066765OSt20211007120334.0  a519.535bA23I1 aAnderson, T.W.1 aAn introduction to multivariate statistical analysiscby T.W. Anderson a3rd ed. aIndiabJohn Wileyc2010 a721p. aMultivariate analysis; Mathematical statistics 2ddccBK c771d771 00102ddc40708TXBaCURAJbCURAJd2012-03-07eSTTg429.00l8o519.535 A23Ip1051r2024-11-21s2023-12-22w2020-09-02yBK